000 00445nam a2200181Ia 4500
001 2387
005 20260306144803.0
008 260306t2008||||xx |||||||||||||| ||spa||
041 _aESP
082 _a616.89
_bD59
100 _aDerito, Norma
_eAUT
245 0 _aPsicosis cicloides, clínica, diagnóstico y tratamiento
260 _c2008
300 _a289 páginas :
_c24 cm.
650 _aGEN
654 _aCPS
942 _cLIB
_dJUS
_fJUS
_2ddc
_n
999 _c2387
_d2387